000
00339nam a2200133Ia 4500
008
100328s9999 xx 000 0 und d
082
_b
15725
100
_a
Simha L.N.
245
_a
The Capital Market of India
260
_b
Vora & Co.
630
_a
The Capital Market of India
730
_a
The Capital Market of India
942
_c
BOOK
999
_c
510470
_d
510467